00739nam a2200229 a 4500001001000000003000500010005001700015008004100032010001100073011001100084020001500095040000900110082002300119100002200142245008700164260006100251300001900312650004500331650004900376650004300425650004100468000110950CHAP20220329144152.0141029s1989 wauj |r| ||||||eng d a107412 a108384 a0924046112 cCHAP04a305.89707253bO25y1 aO'Dogherty, Laura10aCentral Americans in Mexico City :buprooted and silenced /cpor Laura O'Dogherty. aWashinton, D.C. :bHemispheric migration project,c1989. a76 p. :btabs.14aAmérica CentralxCondiciones sociales.14aEmigrantes e inmigranteszAmérica Central.14aIndios de América CentralxHistoria.14aMigración internazMéxico (Cd.).